|
|
|
|
| LEADER |
01129nam a2200289 4500 |
| 001 |
1231 |
| 003 |
BD-DhAAL |
| 005 |
20150110104332.0 |
| 008 |
150110s1971 mauabhk b 001 0 eng |
| 010 |
|
|
|a 75123571
|
| 020 |
|
|
|a 0674503252
|
| 040 |
|
|
|a DLC
|c DLC
|d DLC
|d BD-DhAAL
|
| 050 |
0 |
0 |
|a HB3640.P8
|b W9
|
| 082 |
0 |
0 |
|a 301.3/29/545
|2 22
|
| 100 |
1 |
|
|a Wyon, J. B.
|q (John Benjamin),
|d 1918-
|9 7264
|
| 245 |
1 |
4 |
|a The Khanna study;
|b population problems in the rural Punjab
|c John B. Wyon and John E. Gordon.
|
| 260 |
|
|
|a Cambridge, Mass.,
|b Harvard University Press,
|c 1971.
|
| 300 |
|
|
|a xxiii, 437 p.
|b illus., facsim., forms, maps.
|c 25 cm.
|
| 350 |
|
|
|a $14.00
|
| 504 |
|
|
|a Includes bibliography (p. [381]-403.)
|
| 541 |
|
|
|e 1231
|
| 650 |
|
0 |
|a Birth control
|z India
|z Punjab (State)
|9 7265
|
| 651 |
|
0 |
|a Punjab (India)
|x Population.
|9 7158
|
| 700 |
1 |
|
|a Gordon, John Everett,
|e joint author.
|9 7266
|
| 942 |
|
|
|2 ddc
|c BK
|
| 999 |
|
|
|c 33435
|d 33435
|
| 952 |
|
|
|0 0
|1 0
|2 ddc
|4 0
|6 301_329545000000000_KHA
|7 0
|9 44687
|a BRACUL
|b BRACUL
|c GEN
|d 2015-01-10
|g 0.00
|l 1
|o 301.329545 KHA
|p 3010001231
|r 2019-08-01
|s 2019-07-16
|t 1
|w 2015-01-10
|y BK
|z Not price in Register
|